|
|
|
|
| LEADER |
00000nab a2200000 a 4500 |
| 001 |
vtls000375949 |
| 003 |
SK-MaSNL |
| 005 |
20260303202123.0 |
| 008 |
111202c1988 xo 0 slo |
| 015 |
|
|
|a SNBRA19rr/mm-uuuuu
|
| 035 |
|
|
|a CL0376071
|
| 040 |
|
|
|a SNKBUCL
|b slo
|c SNKBUCL
|e AACR2
|
| 041 |
0 |
|
|a slo
|
| 044 |
|
|
|a xo
|c SK
|
| 080 |
|
|
|a 621.873:621.757
|2 1981
|
| 080 |
|
|
|a 621.757
|2 1981
|
| 100 |
1 |
|
|a Mikloš, Cyril
|4 aut
|9 798578
|
| 245 |
1 |
0 |
|a Žeriav MB 0330
|c Cyril Mikloš
|
| 300 |
|
|
|b Obr. 2.
|
| 650 |
0 |
7 |
|a žeriavy (stroje)
|2 snkbucl
|9 111489
|
| 655 |
|
7 |
|a články zo zborníkov
|2 snkbucl
|9 166140
|
| 773 |
0 |
|
|t Zdvíhacie zariadenia v teórii a praxi
|d Žilina : Dom techniky ČSVTS, 1988
|g S. 212-217
|
| 850 |
|
|
|a Slovenská národná knižnica v Martine
|a MTA001
|
| 852 |
|
|
|a SNK
|b KIS3GCP
|
| 958 |
|
|
|a RK
|
| 992 |
|
|
|a RZB
|
| 999 |
|
|
|c 2177813
|d 2179743
|